000 00290nam a22001337a 4500
008 170602b xxu||||| |||| 00| 0 eng d
020 _aT 1802
041 _aeng
080 _a94(7/8)
100 _a17
101 _ashh
245 _aCLUES TO AMERICA'S PAST
_cBRAIN, J.P
942 _2udc
_cBK
999 _c15720
_d15720